| Tag |
First Indicator |
Second Indicator |
Subfields |
| LEADER |
00000cas a2200000 4500 |
| 001 |
in00000075254 |
| 005 |
20151008052616.0 |
| 008 |
750921c19659999nyusrzp 0 a0eng |
| 010 |
|
|
|a 65009910
|
| 012 |
|
|
|e n
|i 9206
|m 1
|
| 022 |
0 |
|
|a 0020-7683
|
| 030 |
|
|
|a IJSOAD
|
| 032 |
|
|
|a 012776
|b USPS
|
| 035 |
|
|
|a (OCoLC)ocm01642851
|
| 035 |
|
|
|a (OCoLC)01642851
|
| 035 |
|
|
|9 AAH4101AM
|
| 040 |
|
|
|a DLC
|c MUL
|d NSD
|d DLC
|d NSD
|d AIP
|d NSD
|d NST
|d OCL
|d NSD
|d DLC
|d MYG
|d SYS
|d UtOrBLW
|
| 041 |
0 |
|
|a eng
|b rus
|
| 042 |
|
|
|a nsdp
|a lcd
|a premarc
|
| 049 |
|
|
|a TXAM
|
| 050 |
0 |
0 |
|a TA349
|b .I5
|
| 210 |
0 |
|
|a Int. j. solids struct.
|
| 222 |
|
0 |
|a International journal of solids and structures
|
| 245 |
0 |
0 |
|a International journal of solids and structures.
|
| 264 |
|
1 |
|a New York :
|b Pergamon Press.
|
| 300 |
|
|
|a volumes :
|b illustrations ;
|c 25 cm.
|
| 310 |
|
|
|a 3 issues a month,
|b <1994-1998>
|
| 321 |
|
|
|a Quarterly,
|b 1965-
|
| 321 |
|
|
|a Bimonthly,
|b -1967
|
| 321 |
|
|
|a Monthly,
|b 1968-<1992>
|
| 336 |
|
|
|a text
|b txt
|2 rdacontent
|
| 337 |
|
|
|a unmediated
|b n
|2 rdamedia
|
| 338 |
|
|
|a volume
|b nc
|2 rdacarrier
|
| 362 |
0 |
|
|a v. 1- Feb. 1965-
|
| 510 |
1 |
|
|a Computer & control abstracts
|x 0036-8113
|b 1968-
|
| 510 |
1 |
|
|a Electrical & electronics abstracts
|x 0036-8105
|b 1968-
|
| 510 |
1 |
|
|a Physics abstracts. Science abstracts. Series A
|x 0036-8091
|b 1968-
|
| 510 |
2 |
|
|a Chemical abstracts
|x 0009-2258
|
| 510 |
2 |
|
|a Electronics and communications abstracts journal (Riverdale)
|x 0361-3313
|
| 510 |
2 |
|
|a Engineering index annual (1968)
|x 0360-8557
|
| 510 |
2 |
|
|a Engineering index bioengineering abstracts
|x 0736-6213
|
| 510 |
2 |
|
|a Engineering index energy abstracts
|x 0093-8408
|
| 510 |
2 |
|
|a Engineering index monthly (1984)
|x 0742-1974
|
| 510 |
2 |
|
|a GeoRef
|x 0197-7482
|
| 510 |
2 |
|
|a International aerospace abstracts
|x 0020-5842
|
| 510 |
2 |
|
|a ISMEC bulletin
|x 0306-0039
|
| 510 |
2 |
|
|a Mathematical reviews
|x 0025-5629
|
| 510 |
2 |
|
|a Metals abstracts
|x 0026-0924
|
| 510 |
2 |
|
|a Pollution abstracts with indexes
|x 0032-3624
|
| 510 |
2 |
|
|a Safety science abstracts journal
|x 0160-1342
|
| 510 |
2 |
|
|a World aluminum abstracts
|x 0002-6697
|
| 510 |
0 |
|
|a Engineering index monthly
|x 0013-7960
|
| 530 |
|
|
|a Available on microfilm from Microfilms International Marketing Corp.
|
| 530 |
|
|
|a Beginning with 1995, also available to subscribers, in HTML and/or PDF, via the World Wide Web.
|
| 546 |
|
|
|a Summaries in English and Russian.
|
| 650 |
|
0 |
|a Mechanics, Applied
|v Periodicals.
|
| 650 |
|
0 |
|a Structural analysis (Engineering)
|v Periodicals.
|
| 650 |
|
0 |
|a Elastic solids
|x Periodicals.
|
| 850 |
|
|
|a CaNSHD
|a DLC
|
| 891 |
3 |
3 |
|9 853
|8 1
|a v.
|b no.
|u 12
|v r
|i (year)
|j (month)
|w m
|x 01
|
| 891 |
4 |
0 |
|9 863
|8 1
|a <16>-
|i <1980>-
|x provisional
|
| 936 |
|
|
|a Vol. 31, no. 10 (May 1994) (surrogate) LIC
|
| 948 |
|
|
|a MFHD URL added
|b h
|c 2002/8/16
|d c
|e bsurratt
|f 10:30:12 am
|
| 994 |
|
|
|a E0
|b TXA
|
| 999 |
|
|
|a MARS
|
| 999 |
f |
f |
|s 60282132-f1c1-31c7-b889-cb507be18a28
|i 28d25e85-7dd8-3405-be55-fe728ff48fde
|t 0
|
| 952 |
f |
f |
|p ric
|a Texas A&M University
|b Rellis Campus
|c Joint Library Facility
|d Remote Storage
|t 0
|e TA349 .I5
|h Library of Congress classification
|i unmediated -- volume
|k v.36:no.34-36
|l 1999:Dec.
|m A14825993982
|
| 952 |
f |
f |
|p ric
|a Texas A&M University
|b Rellis Campus
|c Joint Library Facility
|d Remote Storage
|t 0
|e TA349 .I5
|h Library of Congress classification
|i unmediated -- volume
|k v.34:no.25 -v.34:no.28
|l 1997-1997
|m A14822040196
|
| 952 |
f |
f |
|p ric
|a Texas A&M University
|b Rellis Campus
|c Joint Library Facility
|d Remote Storage
|t 0
|e TA349 .I5
|h Library of Congress classification
|i unmediated -- volume
|k v.19:no.7 -v.19:no.12
|l 1983
|m A14837708327
|
| 952 |
f |
f |
|p ric
|a Texas A&M University
|b Rellis Campus
|c Joint Library Facility
|d Remote Storage
|t 0
|e TA349 .I5
|h Library of Congress classification
|i unmediated -- volume
|k v.21:no.1 -v.21:no.6
|l 1985-1985
|m A14812189312
|
| 952 |
f |
f |
|p ric
|a Texas A&M University
|b Rellis Campus
|c Joint Library Facility
|d Remote Storage
|t 0
|e TA349 .I5
|h Library of Congress classification
|i unmediated -- volume
|k v.37:no.36-39
|l 2000:Sept.
|m A14826424716
|
| 952 |
f |
f |
|p ric
|a Texas A&M University
|b Rellis Campus
|c Joint Library Facility
|d Remote Storage
|t 0
|e TA349 .I5
|h Library of Congress classification
|i unmediated -- volume
|k v.39:no.25-26
|l 2002:Dec.
|m A14829923125
|
| 952 |
f |
f |
|p ric
|a Texas A&M University
|b Rellis Campus
|c Joint Library Facility
|d Remote Storage
|t 0
|e TA349 .I5
|h Library of Congress classification
|i unmediated -- volume
|k v.30:no.21 -v.30:no.24
|l 1993-1993
|m A14817884789
|
| 952 |
f |
f |
|p ric
|a Texas A&M University
|b Rellis Campus
|c Joint Library Facility
|d Remote Storage
|t 0
|e TA349 .I5
|h Library of Congress classification
|i unmediated -- volume
|k v.36:no.1 -v.36:no.4
|l 1999-1999
|m A14824013967
|
| 952 |
f |
f |
|p ric
|a Texas A&M University
|b Rellis Campus
|c Joint Library Facility
|d Remote Storage
|t 0
|e TA349 .I5
|h Library of Congress classification
|i unmediated -- volume
|k v.37:no.9 -v.37:no.12
|l 1999-1999
|m A14824014060
|
| 952 |
f |
f |
|p ric
|a Texas A&M University
|b Rellis Campus
|c Joint Library Facility
|d Remote Storage
|t 0
|e TA349 .I5
|h Library of Congress classification
|i unmediated -- volume
|k v.38:no.18-21
|l 2001:May
|m A14827932209
|
| 952 |
f |
f |
|p ric
|a Texas A&M University
|b Rellis Campus
|c Joint Library Facility
|d Remote Storage
|t 0
|e TA349 .I5
|h Library of Congress classification
|i unmediated -- volume
|k v.38:no.1-4
|l 2001:Jan.
|m A14827329650
|
| 952 |
f |
f |
|p ric
|a Texas A&M University
|b Rellis Campus
|c Joint Library Facility
|d Remote Storage
|t 0
|e TA349 .I5
|h Library of Congress classification
|i unmediated -- volume
|k v.31:no.14 -v.31:no.17
|l 1994-1994
|m A14818806174
|
| 952 |
f |
f |
|p ric
|a Texas A&M University
|b Rellis Campus
|c Joint Library Facility
|d Remote Storage
|t 0
|e TA349 .I5
|h Library of Congress classification
|i unmediated -- volume
|k v.38:no.14-17
|l 2001:April
|m A14827932241
|
| 952 |
f |
f |
|p ric
|a Texas A&M University
|b Rellis Campus
|c Joint Library Facility
|d Remote Storage
|t 0
|e TA349 .I5
|h Library of Congress classification
|i unmediated -- volume
|k v.39:no.9-10
|l 2002:May
|m A14829923329
|
| 952 |
f |
f |
|p ric
|a Texas A&M University
|b Rellis Campus
|c Joint Library Facility
|d Remote Storage
|t 0
|e TA349 .I5
|h Library of Congress classification
|i unmediated -- volume
|k v.20:no.7 -v.20:no.12
|l 1984-1984
|m A14818738240
|
| 952 |
f |
f |
|p ric
|a Texas A&M University
|b Rellis Campus
|c Joint Library Facility
|d Remote Storage
|t 0
|e TA349 .I5
|h Library of Congress classification
|i unmediated -- volume
|k v.36:no.5 -v.36:no.8
|l 1999-1999
|m A14824014010
|
| 952 |
f |
f |
|p ric
|a Texas A&M University
|b Rellis Campus
|c Joint Library Facility
|d Remote Storage
|t 0
|e TA349 .I5
|h Library of Congress classification
|i unmediated -- volume
|k v.31:no.5 -v.31:no.8
|l 1994-1994
|m A14818376925
|
| 952 |
f |
f |
|p ric
|a Texas A&M University
|b Rellis Campus
|c Joint Library Facility
|d Remote Storage
|t 0
|e TA349 .I5
|h Library of Congress classification
|i unmediated -- volume
|k v.37:no.14-17
|l 2000:April
|m A14825994140
|
| 952 |
f |
f |
|p ric
|a Texas A&M University
|b Rellis Campus
|c Joint Library Facility
|d Remote Storage
|t 0
|e TA349 .I5
|h Library of Congress classification
|i unmediated -- volume
|k v.39:no.21/22
|l 2002:Oct./Nov.
|m A14829923044
|
| 952 |
f |
f |
|p ric
|a Texas A&M University
|b Rellis Campus
|c Joint Library Facility
|d Remote Storage
|t 0
|e TA349 .I5
|h Library of Congress classification
|i unmediated -- volume
|k v.38:no.46/47-48/49
|l 2001:Nov-Dec
|m A14828580623
|
| 952 |
f |
f |
|p ric
|a Texas A&M University
|b Rellis Campus
|c Joint Library Facility
|d Remote Storage
|t 0
|e TA349 .I5
|h Library of Congress classification
|i unmediated -- volume
|k v.26:no.1 -v.26:no.6
|l 1990-1990
|m A14812929013
|
| 952 |
f |
f |
|p ric
|a Texas A&M University
|b Rellis Campus
|c Joint Library Facility
|d Remote Storage
|t 0
|e TA349 .I5
|h Library of Congress classification
|i unmediated -- volume
|k v.18:no.1 -v.18:no.6
|l 1982-1982
|m A14817736211
|
| 952 |
f |
f |
|p ric
|a Texas A&M University
|b Rellis Campus
|c Joint Library Facility
|d Remote Storage
|t 0
|e TA349 .I5
|h Library of Congress classification
|i unmediated -- volume
|k v.32:no.17/18 -v.32:no.20
|l 1995-1995
|m A14819394683
|
| 952 |
f |
f |
|p ric
|a Texas A&M University
|b Rellis Campus
|c Joint Library Facility
|d Remote Storage
|t 0
|e TA349 .I5
|h Library of Congress classification
|i unmediated -- volume
|k v.32:no.1 -v.32:no.3/4
|l 1995-1995
|m A14819172243
|
| 952 |
f |
f |
|p ric
|a Texas A&M University
|b Rellis Campus
|c Joint Library Facility
|d Remote Storage
|t 0
|e TA349 .I5
|h Library of Congress classification
|i unmediated -- volume
|k v.34:no.33/34 -v.34:no.35/36
|l 1997-1997
|m A14823331590
|
| 952 |
f |
f |
|p ric
|a Texas A&M University
|b Rellis Campus
|c Joint Library Facility
|d Remote Storage
|t 0
|e TA349 .I5
|h Library of Congress classification
|i unmediated -- volume
|k v.14:no.7 -v.14:no.12
|l 1978-1978
|m A14813835144
|
| 952 |
f |
f |
|p ric
|a Texas A&M University
|b Rellis Campus
|c Joint Library Facility
|d Remote Storage
|t 0
|e TA349 .I5
|h Library of Congress classification
|i unmediated -- volume
|k v.33:no.17 -v.33:no.19
|l 1996-1996
|m A14820279969
|
| 952 |
f |
f |
|p ric
|a Texas A&M University
|b Rellis Campus
|c Joint Library Facility
|d Remote Storage
|t 0
|e TA349 .I5
|h Library of Congress classification
|i unmediated -- volume
|k v.35:no.1/2 -v.35:no.3/4
|l 1998-1998
|m A14823331582
|
| 952 |
f |
f |
|p ric
|a Texas A&M University
|b Rellis Campus
|c Joint Library Facility
|d Remote Storage
|t 0
|e TA349 .I5
|h Library of Congress classification
|i unmediated -- volume
|k v.31:no.9 -v.31:no.13
|l 1994-1994
|m A14818816276
|
| 952 |
f |
f |
|p ric
|a Texas A&M University
|b Rellis Campus
|c Joint Library Facility
|d Remote Storage
|t 0
|e TA349 .I5
|h Library of Congress classification
|i unmediated -- volume
|k v.30:no.13 -v.30:no.16
|l 1993-1993
|m A14817909199
|
| 952 |
f |
f |
|p ric
|a Texas A&M University
|b Rellis Campus
|c Joint Library Facility
|d Remote Storage
|t 0
|e TA349 .I5
|h Library of Congress classification
|i unmediated -- volume
|k v.31:no.18 -v.31:no.21
|l 1994-1994
|m A14818806271
|
| 952 |
f |
f |
|p ric
|a Texas A&M University
|b Rellis Campus
|c Joint Library Facility
|d Remote Storage
|t 0
|e TA349 .I5
|h Library of Congress classification
|i unmediated -- volume
|k v.23:no.1 -v.23:no.6
|l 1987-1987
|m A14811378722
|
| 952 |
f |
f |
|p ric
|a Texas A&M University
|b Rellis Campus
|c Joint Library Facility
|d Remote Storage
|t 0
|e TA349 .I5
|h Library of Congress classification
|i unmediated -- volume
|k v.11:no.7 -v.11:no.12
|l 1975-1975
|m A14813852146
|
| 952 |
f |
f |
|p ric
|a Texas A&M University
|b Rellis Campus
|c Joint Library Facility
|d Remote Storage
|t 0
|e TA349 .I5
|h Library of Congress classification
|i unmediated -- volume
|k v.27:no.1 -v.27:no.5
|l 1991-1991
|m A14815338180
|
| 952 |
f |
f |
|p ric
|a Texas A&M University
|b Rellis Campus
|c Joint Library Facility
|d Remote Storage
|t 0
|e TA349 .I5
|h Library of Congress classification
|i unmediated -- volume
|k v.33:no.9 -v.33:no.12
|l 1996-1996
|m A14820279985
|
| 952 |
f |
f |
|p ric
|a Texas A&M University
|b Rellis Campus
|c Joint Library Facility
|d Remote Storage
|t 0
|e TA349 .I5
|h Library of Congress classification
|i unmediated -- volume
|k v.30:no.17 -v.30:no.20
|l 1993-1993
|m A14817884797
|
| 952 |
f |
f |
|p ric
|a Texas A&M University
|b Rellis Campus
|c Joint Library Facility
|d Remote Storage
|t 0
|e TA349 .I5
|h Library of Congress classification
|i unmediated -- volume
|k v.9:no.7 -v.9:no.12
|l 1973-1973
|m A14812145423
|
| 952 |
f |
f |
|p ric
|a Texas A&M University
|b Rellis Campus
|c Joint Library Facility
|d Remote Storage
|t 0
|e TA349 .I5
|h Library of Congress classification
|i unmediated -- volume
|k v.35:no.25 -v.35:no.30
|l 1998-1998
|m A14823506959
|
| 952 |
f |
f |
|p ric
|a Texas A&M University
|b Rellis Campus
|c Joint Library Facility
|d Remote Storage
|t 0
|e TA349 .I5
|h Library of Congress classification
|i unmediated -- volume
|k v.27:no.11 -v.27:no.15
|l 1991-1991
|m A14815314665
|
| 952 |
f |
f |
|p ric
|a Texas A&M University
|b Rellis Campus
|c Joint Library Facility
|d Remote Storage
|t 0
|e TA349 .I5
|h Library of Congress classification
|i unmediated -- volume
|k v.27:no.6 -v.27:no.10
|l 1991-1991
|m A14815294132
|
| 952 |
f |
f |
|p ric
|a Texas A&M University
|b Rellis Campus
|c Joint Library Facility
|d Remote Storage
|t 0
|e TA349 .I5
|h Library of Congress classification
|i unmediated -- volume
|k v.37:no.1/2-4
|l 2000:Jan.
|m A14825994027
|
| 952 |
f |
f |
|p ric
|a Texas A&M University
|b Rellis Campus
|c Joint Library Facility
|d Remote Storage
|t 0
|e TA349 .I5
|h Library of Congress classification
|i unmediated -- volume
|k v.39:no.7-8
|l 2002:Apr.
|m A14829923280
|
| 952 |
f |
f |
|p ric
|a Texas A&M University
|b Rellis Campus
|c Joint Library Facility
|d Remote Storage
|t 0
|e TA349 .I5
|h Library of Congress classification
|i unmediated -- volume
|k v.1:no.1 -v.1:no.4
|l 1965-1965
|m A14822379391
|
| 952 |
f |
f |
|p ric
|a Texas A&M University
|b Rellis Campus
|c Joint Library Facility
|d Remote Storage
|t 0
|e TA349 .I5
|h Library of Congress classification
|i unmediated -- volume
|k v.22:no.7-12
|l 1986
|m A14829767294
|
| 952 |
f |
f |
|p ric
|a Texas A&M University
|b Rellis Campus
|c Joint Library Facility
|d Remote Storage
|t 0
|e TA349 .I5
|h Library of Congress classification
|i unmediated -- volume
|k v.28:no.6 -v.28:no.9
|l 1991-1991
|m A14815312126
|
| 952 |
f |
f |
|p ric
|a Texas A&M University
|b Rellis Campus
|c Joint Library Facility
|d Remote Storage
|t 0
|e TA349 .I5
|h Library of Congress classification
|i unmediated -- volume
|k v.36:no.13 -v.36:no.16
|l 1999-1999
|m A14824890636
|
| 952 |
f |
f |
|p ric
|a Texas A&M University
|b Rellis Campus
|c Joint Library Facility
|d Remote Storage
|t 0
|e TA349 .I5
|h Library of Congress classification
|i unmediated -- volume
|k v.29:no.17 -v.29:no.20
|l 1992-1992
|m A14816093458
|
| 952 |
f |
f |
|p ric
|a Texas A&M University
|b Rellis Campus
|c Joint Library Facility
|d Remote Storage
|t 0
|e TA349 .I5
|h Library of Congress classification
|i unmediated -- volume
|k v.39:no.13/14
|l 2002:June/July
|m A14829923400
|
| 952 |
f |
f |
|p ric
|a Texas A&M University
|b Rellis Campus
|c Joint Library Facility
|d Remote Storage
|t 0
|e TA349 .I5
|h Library of Congress classification
|i unmediated -- volume
|k v.38:no.26/27-28/29
|l 2001:June/July-July
|m A14827932322
|
| 952 |
f |
f |
|p ric
|a Texas A&M University
|b Rellis Campus
|c Joint Library Facility
|d Remote Storage
|t 0
|e TA349 .I5
|h Library of Congress classification
|i unmediated -- volume
|k v.13:no.7 -v.13:no.12
|l 1977-1977
|m A14812145570
|
| 952 |
f |
f |
|p ric
|a Texas A&M University
|b Rellis Campus
|c Joint Library Facility
|d Remote Storage
|t 0
|e TA349 .I5
|h Library of Congress classification
|i unmediated -- volume
|k v.34:no.21 -v.34:no.24
|l 1997-1997
|m A14822040146
|
| 952 |
f |
f |
|p ric
|a Texas A&M University
|b Rellis Campus
|c Joint Library Facility
|d Remote Storage
|t 0
|e TA349 .I5
|h Library of Congress classification
|i unmediated -- volume
|k v.39:no.15-16
|l 2002:July-Aug.
|m A14829922810
|
| 952 |
f |
f |
|p ric
|a Texas A&M University
|b Rellis Campus
|c Joint Library Facility
|d Remote Storage
|t 0
|e TA349 .I5
|h Library of Congress classification
|i unmediated -- volume
|k v.7:no.1 -v.7:no.5
|l 1971-1971
|m A14813913780
|
| 952 |
f |
f |
|p ric
|a Texas A&M University
|b Rellis Campus
|c Joint Library Facility
|d Remote Storage
|t 0
|e TA349 .I5
|h Library of Congress classification
|i unmediated -- volume
|k v.39:no.19-20
|l 2002:Sept.-Oct.
|m A14829922894
|
| 952 |
f |
f |
|p ric
|a Texas A&M University
|b Rellis Campus
|c Joint Library Facility
|d Remote Storage
|t 0
|e TA349 .I5
|h Library of Congress classification
|i unmediated -- volume
|k v.32:no.21 -v.32:no.24
|l 1995-1995
|m A14819558407
|
| 952 |
f |
f |
|p ric
|a Texas A&M University
|b Rellis Campus
|c Joint Library Facility
|d Remote Storage
|t 0
|e TA349 .I5
|h Library of Congress classification
|i unmediated -- volume
|k v.35:no.31/32-v.35:no.33
|l 1998-1998
|m A14824014028
|
| 952 |
f |
f |
|p ric
|a Texas A&M University
|b Rellis Campus
|c Joint Library Facility
|d Remote Storage
|t 0
|e TA349 .I5
|h Library of Congress classification
|i unmediated -- volume
|k v.37:no.23-26
|l 2000:june
|m A14826424588
|
| 952 |
f |
f |
|p ric
|a Texas A&M University
|b Rellis Campus
|c Joint Library Facility
|d Remote Storage
|t 0
|e TA349 .I5
|h Library of Congress classification
|i unmediated -- volume
|k v.29:no.1 -v.29:no.4
|l 1992-1992
|m A14815662678
|
| 952 |
f |
f |
|p ric
|a Texas A&M University
|b Rellis Campus
|c Joint Library Facility
|d Remote Storage
|t 0
|e TA349 .I5
|h Library of Congress classification
|i unmediated -- volume
|k v.38:no.22/23-24/25
|l 2001:May/June-June
|m A14827932283
|
| 952 |
f |
f |
|p ric
|a Texas A&M University
|b Rellis Campus
|c Joint Library Facility
|d Remote Storage
|t 0
|e TA349 .I5
|h Library of Congress classification
|i unmediated -- volume
|k v.38:no.50/51- 52
|l 2001:Dec
|m A14828580940
|
| 952 |
f |
f |
|p ric
|a Texas A&M University
|b Rellis Campus
|c Joint Library Facility
|d Remote Storage
|t 0
|e TA349 .I5
|h Library of Congress classification
|i unmediated -- volume
|k v.32:no.5 -v.32:no.8/9
|l 1995-1995
|m A14818405596
|
| 952 |
f |
f |
|p ric
|a Texas A&M University
|b Rellis Campus
|c Joint Library Facility
|d Remote Storage
|t 0
|e TA349 .I5
|h Library of Congress classification
|i unmediated -- volume
|k v.18:no.7 -v.18:no.12
|l 1982-1982
|m A14812130046
|
| 952 |
f |
f |
|p ric
|a Texas A&M University
|b Rellis Campus
|c Joint Library Facility
|d Remote Storage
|t 0
|e TA349 .I5
|h Library of Congress classification
|i unmediated -- volume
|k v.37:no.9-13
|l 2000:Mar.
|m A14825994108
|
| 952 |
f |
f |
|p ric
|a Texas A&M University
|b Rellis Campus
|c Joint Library Facility
|d Remote Storage
|t 0
|e TA349 .I5
|h Library of Congress classification
|i unmediated -- volume
|k v.6:no.5 -v.6:no.7
|l 1970-1970
|m A14813830089
|
| 952 |
f |
f |
|p ric
|a Texas A&M University
|b Rellis Campus
|c Joint Library Facility
|d Remote Storage
|t 0
|e TA349 .I5
|h Library of Congress classification
|i unmediated -- volume
|k v.26:no.7 -v.26:no.12
|l 1990-1990
|m A14812932707
|
| 952 |
f |
f |
|p ric
|a Texas A&M University
|b Rellis Campus
|c Joint Library Facility
|d Remote Storage
|t 0
|e TA349 .I5
|h Library of Congress classification
|i unmediated -- volume
|k v.23:no.7 -v.23:no.12
|l 1987-1987
|m A14811378772
|
| 952 |
f |
f |
|p ric
|a Texas A&M University
|b Rellis Campus
|c Joint Library Facility
|d Remote Storage
|t 0
|e TA349 .I5
|h Library of Congress classification
|i unmediated -- volume
|k v.35:no.34/35-v.35:no.36
|l 1998-1998
|m A14824014078
|
| 952 |
f |
f |
|p ric
|a Texas A&M University
|b Rellis Campus
|c Joint Library Facility
|d Remote Storage
|t 0
|e TA349 .I5
|h Library of Congress classification
|i unmediated -- volume
|k v.33:no.5 -v.33:no.8
|l 1996-1996
|m A14819874455
|
| 952 |
f |
f |
|p ric
|a Texas A&M University
|b Rellis Campus
|c Joint Library Facility
|d Remote Storage
|t 0
|e TA349 .I5
|h Library of Congress classification
|i unmediated -- volume
|k v.6:no.1-4
|l 1970
|m A14837708319
|
| 952 |
f |
f |
|p ric
|a Texas A&M University
|b Rellis Campus
|c Joint Library Facility
|d Remote Storage
|t 0
|e TA349 .I5
|h Library of Congress classification
|i unmediated -- volume
|k v.24:no.1 -v.24:no.6
|l 1988-1988
|m A14811830839
|
| 952 |
f |
f |
|p ric
|a Texas A&M University
|b Rellis Campus
|c Joint Library Facility
|d Remote Storage
|t 0
|e TA349 .I5
|h Library of Congress classification
|i unmediated -- volume
|k v.29:no.13 -v.29:no.16
|l 1992-1992
|m A14816051862
|
| 952 |
f |
f |
|p ric
|a Texas A&M University
|b Rellis Campus
|c Joint Library Facility
|d Remote Storage
|t 0
|e TA349 .I5
|h Library of Congress classification
|i unmediated -- volume
|k v.24:no.7 -v.24:no.12
|l 1988-1988
|m A14811830677
|
| 952 |
f |
f |
|p ric
|a Texas A&M University
|b Rellis Campus
|c Joint Library Facility
|d Remote Storage
|t 0
|e TA349 .I5
|h Library of Congress classification
|i unmediated -- volume
|k v.29:no.5 -v.29:no.8
|l 1992-1992
|m A14815662686
|
| 952 |
f |
f |
|p ric
|a Texas A&M University
|b Rellis Campus
|c Joint Library Facility
|d Remote Storage
|t 0
|e TA349 .I5
|h Library of Congress classification
|i unmediated -- volume
|k v.11:no.1 -v.11:no.6
|l 1975-1975
|m A14812126071
|
| 952 |
f |
f |
|p ric
|a Texas A&M University
|b Rellis Campus
|c Joint Library Facility
|d Remote Storage
|t 0
|e TA349 .I5
|h Library of Congress classification
|i unmediated -- volume
|k v.39:no.5-6
|l 2002:Mar.
|m A14829923248
|
| 952 |
f |
f |
|p ric
|a Texas A&M University
|b Rellis Campus
|c Joint Library Facility
|d Remote Storage
|t 0
|e TA349 .I5
|h Library of Congress classification
|i unmediated -- volume
|k v.35:no.13 -v.35:no.16
|l 1998-1998
|m A14823331558
|
| 952 |
f |
f |
|p ric
|a Texas A&M University
|b Rellis Campus
|c Joint Library Facility
|d Remote Storage
|t 0
|e TA349 .I5
|h Library of Congress classification
|i unmediated -- volume
|k v.39:no.23-24
|l 2002:Nov.-Dec.
|m A14829923086
|
| 952 |
f |
f |
|p ric
|a Texas A&M University
|b Rellis Campus
|c Joint Library Facility
|d Remote Storage
|t 0
|e TA349 .I5
|h Library of Congress classification
|i unmediated -- volume
|k v.17:no.1 -v.17:no.6
|l 1981-1981
|m A14813892926
|
| 952 |
f |
f |
|p ric
|a Texas A&M University
|b Rellis Campus
|c Joint Library Facility
|d Remote Storage
|t 0
|e TA349 .I5
|h Library of Congress classification
|i unmediated -- volume
|k v.13:no.1-v.13:no.6
|l 1977
|m A14811195742
|
| 952 |
f |
f |
|p ric
|a Texas A&M University
|b Rellis Campus
|c Joint Library Facility
|d Remote Storage
|t 0
|e TA349 .I5
|h Library of Congress classification
|i unmediated -- volume
|k v.35:no.5/6 -v.35:no.7/8
|l 1998-1998
|m A14823331574
|
| 952 |
f |
f |
|p ric
|a Texas A&M University
|b Rellis Campus
|c Joint Library Facility
|d Remote Storage
|t 0
|e TA349 .I5
|h Library of Congress classification
|i unmediated -- volume
|k v.28:no.1 -v.28:no.5
|l 1991-1991
|m A14815324945
|
| 952 |
f |
f |
|p ric
|a Texas A&M University
|b Rellis Campus
|c Joint Library Facility
|d Remote Storage
|t 0
|e TA349 .I5
|h Library of Congress classification
|i unmediated -- volume
|k v.4
|l 1968
|m A14813907022
|
| 952 |
f |
f |
|p ric
|a Texas A&M University
|b Rellis Campus
|c Joint Library Facility
|d Remote Storage
|t 0
|e TA349 .I5
|h Library of Congress classification
|i unmediated -- volume
|k v.36:no.29-33
|l 1999:Oct.-Nov.
|m A14825993940
|
| 952 |
f |
f |
|p ric
|a Texas A&M University
|b Rellis Campus
|c Joint Library Facility
|d Remote Storage
|t 0
|e TA349 .I5
|h Library of Congress classification
|i unmediated -- volume
|k v.36:no.21 -v.36:no.24
|l 1999-1999
|m A14824890589
|
| 952 |
f |
f |
|p ric
|a Texas A&M University
|b Rellis Campus
|c Joint Library Facility
|d Remote Storage
|t 0
|e TA349 .I5
|h Library of Congress classification
|i unmediated -- volume
|k v.7:no.9 -v.7:no.12
|l 1971-1971
|m A14818713397
|
| 952 |
f |
f |
|p ric
|a Texas A&M University
|b Rellis Campus
|c Joint Library Facility
|d Remote Storage
|t 0
|e TA349 .I5
|h Library of Congress classification
|i unmediated -- volume
|k v.39:no.17-18
|l 2002:Aug.-Sept.
|m A14829922852
|
| 952 |
f |
f |
|p ric
|a Texas A&M University
|b Rellis Campus
|c Joint Library Facility
|d Remote Storage
|t 0
|e TA349 .I5
|h Library of Congress classification
|i unmediated -- volume
|k v.9:no.1 -v.9:no.6
|l 1973-1973
|m A14812179202
|
| 952 |
f |
f |
|p ric
|a Texas A&M University
|b Rellis Campus
|c Joint Library Facility
|d Remote Storage
|t 0
|e TA349 .I5
|h Library of Congress classification
|i unmediated -- volume
|k v.32:no.13 -v.32:no.16
|l 1995-1995
|m A14819394633
|
| 952 |
f |
f |
|p ric
|a Texas A&M University
|b Rellis Campus
|c Joint Library Facility
|d Remote Storage
|t 0
|e TA349 .I5
|h Library of Congress classification
|i unmediated -- volume
|k v.15:no.7 -v.15:no.12
|l 1979-1979
|m A14813880783
|
| 952 |
f |
f |
|p ric
|a Texas A&M University
|b Rellis Campus
|c Joint Library Facility
|d Remote Storage
|t 0
|e TA349 .I5
|h Library of Congress classification
|i unmediated -- volume
|k v.6:no.8 -v.6:no.12
|l 1970-1970
|m A14811134411
|
| 952 |
f |
f |
|p ric
|a Texas A&M University
|b Rellis Campus
|c Joint Library Facility
|d Remote Storage
|t 0
|e TA349 .I5
|h Library of Congress classification
|i unmediated -- volume
|k v.37:no.31-35
|l 2000:Aug.
|m A14826424758
|
| 952 |
f |
f |
|p ric
|a Texas A&M University
|b Rellis Campus
|c Joint Library Facility
|d Remote Storage
|t 0
|e TA349 .I5
|h Library of Congress classification
|i unmediated -- volume
|k v.5:no.7 -v.5:no.12
|l 1969-1969
|m A14816210856
|
| 952 |
f |
f |
|p ric
|a Texas A&M University
|b Rellis Campus
|c Joint Library Facility
|d Remote Storage
|t 0
|e TA349 .I5
|h Library of Congress classification
|i unmediated -- volume
|k v.33:no.13 -v.33:no.16
|l 1996-1996
|m A14820279977
|
| 952 |
f |
f |
|p ric
|a Texas A&M University
|b Rellis Campus
|c Joint Library Facility
|d Remote Storage
|t 0
|e TA349 .I5
|h Library of Congress classification
|i unmediated -- volume
|k v.8:no.1 -v.8:no.6
|l 1972-1972
|m A14813819300
|
| 952 |
f |
f |
|p ric
|a Texas A&M University
|b Rellis Campus
|c Joint Library Facility
|d Remote Storage
|t 0
|e TA349 .I5
|h Library of Congress classification
|i unmediated -- volume
|k v.21:no.7 -v.21:no.12
|l 1985-1985
|m A14812159341
|
| 952 |
f |
f |
|p ric
|a Texas A&M University
|b Rellis Campus
|c Joint Library Facility
|d Remote Storage
|t 0
|e TA349 .I5
|h Library of Congress classification
|i unmediated -- volume
|k v.15:no.1 -v.15:no.6
|l 1979-1979
|m A14813047482
|
| 952 |
f |
f |
|p ric
|a Texas A&M University
|b Rellis Campus
|c Joint Library Facility
|d Remote Storage
|t 0
|e TA349 .I5
|h Library of Congress classification
|i unmediated -- volume
|k v.3
|l 1967
|m A14837708301
|
| 952 |
f |
f |
|p ric
|a Texas A&M University
|b Rellis Campus
|c Joint Library Facility
|d Remote Storage
|t 0
|e TA349 .I5
|h Library of Congress classification
|i unmediated -- volume
|k v.36:no.25 -v.36:no.28
|l 1999-1999
|m A14824890571
|
| 952 |
f |
f |
|p ric
|a Texas A&M University
|b Rellis Campus
|c Joint Library Facility
|d Remote Storage
|t 0
|e TA349 .I5
|h Library of Congress classification
|i unmediated -- volume
|k v.33:no.25 -v.33:no.27
|l 1996-1996
|m A14821027357
|
| 952 |
f |
f |
|p ric
|a Texas A&M University
|b Rellis Campus
|c Joint Library Facility
|d Remote Storage
|t 0
|e TA349 .I5
|h Library of Congress classification
|i unmediated -- volume
|k v.37:no.5-8
|l 2000:Feb.
|m A14825994069
|
| 952 |
f |
f |
|p ric
|a Texas A&M University
|b Rellis Campus
|c Joint Library Facility
|d Remote Storage
|t 0
|e TA349 .I5
|h Library of Congress classification
|i unmediated -- volume
|k v.30:no.1 -v.30:no.4
|l 1993-1993
|m A14817016310
|
| 952 |
f |
f |
|p ric
|a Texas A&M University
|b Rellis Campus
|c Joint Library Facility
|d Remote Storage
|t 0
|e TA349 .I5
|h Library of Congress classification
|i unmediated -- volume
|k v.17:no.7 -v.17:no.12
|l 1981-1981
|m A14813047539
|
| 952 |
f |
f |
|p ric
|a Texas A&M University
|b Rellis Campus
|c Joint Library Facility
|d Remote Storage
|t 0
|e TA349 .I5
|h Library of Congress classification
|i unmediated -- volume
|k v.31:no.22 -v.31:no.24
|l 1994-1994
|m A14818806124
|
| 952 |
f |
f |
|p ric
|a Texas A&M University
|b Rellis Campus
|c Joint Library Facility
|d Remote Storage
|t 0
|e TA349 .I5
|h Library of Congress classification
|i unmediated -- volume
|k v.37:no.44-46/47
|l 2000:Nov.
|m A14827270267
|
| 952 |
f |
f |
|p ric
|a Texas A&M University
|b Rellis Campus
|c Joint Library Facility
|d Remote Storage
|t 0
|e TA349 .I5
|h Library of Congress classification
|i unmediated -- volume
|k v.22:no.1 -v.22:no.6
|l 1986-1988
|m A14813893037
|
| 952 |
f |
f |
|p ric
|a Texas A&M University
|b Rellis Campus
|c Joint Library Facility
|d Remote Storage
|t 0
|e TA349 .I5
|h Library of Congress classification
|i unmediated -- volume
|k v.34:no.13 -v.34:no.16
|l 1997-1997
|m A14821115443
|
| 952 |
f |
f |
|p ric
|a Texas A&M University
|b Rellis Campus
|c Joint Library Facility
|d Remote Storage
|t 0
|e TA349 .I5
|h Library of Congress classification
|i unmediated -- volume
|k v.39:no.3-4
|l 2002:Feb.
|m A14829923206
|
| 952 |
f |
f |
|p ric
|a Texas A&M University
|b Rellis Campus
|c Joint Library Facility
|d Remote Storage
|t 0
|e TA349 .I5
|h Library of Congress classification
|i unmediated -- volume
|k v.35:no.9/10 -v.35:no.12
|l 1998-1998
|m A14823331566
|
| 952 |
f |
f |
|p ric
|a Texas A&M University
|b Rellis Campus
|c Joint Library Facility
|d Remote Storage
|t 0
|e TA349 .I5
|h Library of Congress classification
|i unmediated -- volume
|k v.25:no.7-12
|l 1989
|m A14841089450
|
| 952 |
f |
f |
|p ric
|a Texas A&M University
|b Rellis Campus
|c Joint Library Facility
|d Remote Storage
|t 0
|e TA349 .I5
|h Library of Congress classification
|i unmediated -- volume
|k v.38:no.30/31-32/33
|l 2001:July-Aug.
|m A14827932364
|
| 952 |
f |
f |
|p ric
|a Texas A&M University
|b Rellis Campus
|c Joint Library Facility
|d Remote Storage
|t 0
|e TA349 .I5
|h Library of Congress classification
|i unmediated -- volume
|k v.31:no.1 -v.31:no.4
|l 1994-1994
|m A14817884771
|
| 952 |
f |
f |
|p ric
|a Texas A&M University
|b Rellis Campus
|c Joint Library Facility
|d Remote Storage
|t 0
|e TA349 .I5
|h Library of Congress classification
|i unmediated -- volume
|k v.37:no.27-30
|l 1999:july
|m A14826424790
|
| 952 |
f |
f |
|p ric
|a Texas A&M University
|b Rellis Campus
|c Joint Library Facility
|d Remote Storage
|t 0
|e TA349 .I5
|h Library of Congress classification
|i unmediated -- volume
|k v.33:no.28 -v.33:no.30
|l 1996-1996
|m A14821027404
|
| 952 |
f |
f |
|p ric
|a Texas A&M University
|b Rellis Campus
|c Joint Library Facility
|d Remote Storage
|t 0
|e TA349 .I5
|h Library of Congress classification
|i unmediated -- volume
|k v.38:no.10/13
|l 2001:Mar.
|m A14827329579
|
| 952 |
f |
f |
|p ric
|a Texas A&M University
|b Rellis Campus
|c Joint Library Facility
|d Remote Storage
|t 0
|e TA349 .I5
|h Library of Congress classification
|i unmediated -- volume
|k v.33:no.1 -v.33:no.4
|l 1996-1996
|m A14819558106
|
| 952 |
f |
f |
|p ric
|a Texas A&M University
|b Rellis Campus
|c Joint Library Facility
|d Remote Storage
|t 0
|e TA349 .I5
|h Library of Congress classification
|i unmediated -- volume
|k v.32:no.10 -v.32:no.12
|l 1995-1995
|m A14818405643
|
| 952 |
f |
f |
|p ric
|a Texas A&M University
|b Rellis Campus
|c Joint Library Facility
|d Remote Storage
|t 0
|e TA349 .I5
|h Library of Congress classification
|i unmediated -- volume
|k v.10:no.7 -v.10:no.12
|l 1974-1974
|m A14812201986
|
| 952 |
f |
f |
|p ric
|a Texas A&M University
|b Rellis Campus
|c Joint Library Facility
|d Remote Storage
|t 0
|e TA349 .I5
|h Library of Congress classification
|i unmediated -- volume
|k v.12:no.7 -v.12:no.12
|l 1976-1976
|m A14812209081
|
| 952 |
f |
f |
|p ric
|a Texas A&M University
|b Rellis Campus
|c Joint Library Facility
|d Remote Storage
|t 0
|e TA349 .I5
|h Library of Congress classification
|i unmediated -- volume
|k v.29:no.21 -v.29:no.24
|l 1992-1992
|m A14816140904
|
| 952 |
f |
f |
|p ric
|a Texas A&M University
|b Rellis Campus
|c Joint Library Facility
|d Remote Storage
|t 0
|e TA349 .I5
|h Library of Congress classification
|i unmediated -- volume
|k v.16:no.7 -v.16:no.12
|l 1980-1980
|m A14813892683
|
| 952 |
f |
f |
|p ric
|a Texas A&M University
|b Rellis Campus
|c Joint Library Facility
|d Remote Storage
|t 0
|e TA349 .I5
|h Library of Congress classification
|i unmediated -- volume
|k v.38:no.38/39-40/41
|l 2001:Sept.-Oct.
|m A14828191678
|
| 952 |
f |
f |
|p ric
|a Texas A&M University
|b Rellis Campus
|c Joint Library Facility
|d Remote Storage
|t 0
|e TA349 .I5
|h Library of Congress classification
|i unmediated -- volume
|k v.14:no.1 -v.14:no.6
|l 1978-1978
|m A14816927924
|
| 952 |
f |
f |
|p ric
|a Texas A&M University
|b Rellis Campus
|c Joint Library Facility
|d Remote Storage
|t 0
|e TA349 .I5
|h Library of Congress classification
|i unmediated -- volume
|k v.38:no.42/43-44/45
|l 2001:Oct.
|m A14828191636
|
| 952 |
f |
f |
|p ric
|a Texas A&M University
|b Rellis Campus
|c Joint Library Facility
|d Remote Storage
|t 0
|e TA349 .I5
|h Library of Congress classification
|i unmediated -- volume
|k v.34:no.29 -v.34:no.32
|l 1997-1997
|m A14822040243
|
| 952 |
f |
f |
|p ric
|a Texas A&M University
|b Rellis Campus
|c Joint Library Facility
|d Remote Storage
|t 0
|e TA349 .I5
|h Library of Congress classification
|i unmediated -- volume
|k v.37:no.18-22
|l 2000:May
|m A14826424546
|
| 952 |
f |
f |
|p ric
|a Texas A&M University
|b Rellis Campus
|c Joint Library Facility
|d Remote Storage
|t 0
|e TA349 .I5
|h Library of Congress classification
|i unmediated -- volume
|k v.34:no.5 -v.34:no.8
|l 1997-1997
|m A14821027307
|
| 952 |
f |
f |
|p ric
|a Texas A&M University
|b Rellis Campus
|c Joint Library Facility
|d Remote Storage
|t 0
|e TA349 .I5
|h Library of Congress classification
|i unmediated -- volume
|k v.35:no.17 -v.35:no.20
|l 1998-1998
|m A14823506909
|
| 952 |
f |
f |
|p ric
|a Texas A&M University
|b Rellis Campus
|c Joint Library Facility
|d Remote Storage
|t 0
|e TA349 .I5
|h Library of Congress classification
|i unmediated -- volume
|k v.34:no.17 -v.34:no.20
|l 1997-1997
|m A14822040099
|
| 952 |
f |
f |
|p ric
|a Texas A&M University
|b Rellis Campus
|c Joint Library Facility
|d Remote Storage
|t 0
|e TA349 .I5
|h Library of Congress classification
|i unmediated -- volume
|k v.39:no.11-12
|l 2002:June
|m A14829923361
|
| 952 |
f |
f |
|p ric
|a Texas A&M University
|b Rellis Campus
|c Joint Library Facility
|d Remote Storage
|t 0
|e TA349 .I5
|h Library of Congress classification
|i unmediated -- volume
|k v.37:no.48/50-52
|l 2000:Dec.
|m A14827270186
|
| 952 |
f |
f |
|p ric
|a Texas A&M University
|b Rellis Campus
|c Joint Library Facility
|d Remote Storage
|t 0
|e TA349 .I5
|h Library of Congress classification
|i unmediated -- volume
|k v.29:no.9 -v.29:no.12
|l 1992-1992
|m A14815662694
|
| 952 |
f |
f |
|p ric
|a Texas A&M University
|b Rellis Campus
|c Joint Library Facility
|d Remote Storage
|t 0
|e TA349 .I5
|h Library of Congress classification
|i unmediated -- volume
|k v.2
|l 1966
|m A14813910928
|
| 952 |
f |
f |
|p ric
|a Texas A&M University
|b Rellis Campus
|c Joint Library Facility
|d Remote Storage
|t 0
|e TA349 .I5
|h Library of Congress classification
|i unmediated -- volume
|k v.16:no.1 -v.16:no.6
|l 1980-1980
|m A14811195750
|
| 952 |
f |
f |
|p ric
|a Texas A&M University
|b Rellis Campus
|c Joint Library Facility
|d Remote Storage
|t 0
|e TA349 .I5
|h Library of Congress classification
|i unmediated -- volume
|k v.34:no.1 -v.34:no.4
|l 1997-1997
|m A14821027454
|
| 952 |
f |
f |
|p ric
|a Texas A&M University
|b Rellis Campus
|c Joint Library Facility
|d Remote Storage
|t 0
|e TA349 .I5
|h Library of Congress classification
|i unmediated -- volume
|k v.30:no.9 -v.30:no.12
|l 1993-1993
|m A14817240024
|
| 952 |
f |
f |
|p ric
|a Texas A&M University
|b Rellis Campus
|c Joint Library Facility
|d Remote Storage
|t 0
|e TA349 .I5
|h Library of Congress classification
|i unmediated -- volume
|k v.19:no.1 -v.19:no.6
|l 1983-1983
|m A14813835681
|
| 952 |
f |
f |
|p ric
|a Texas A&M University
|b Rellis Campus
|c Joint Library Facility
|d Remote Storage
|t 0
|e TA349 .I5
|h Library of Congress classification
|i unmediated -- volume
|k v.8:no.7 -v.8:no.12
|l 1972-1972
|m A14813913837
|
| 952 |
f |
f |
|p ric
|a Texas A&M University
|b Rellis Campus
|c Joint Library Facility
|d Remote Storage
|t 0
|e TA349 .I5
|h Library of Congress classification
|i unmediated -- volume
|k v.34:no.9 -v.34:no.12
|l 1997-1997
|m A14821115396
|
| 952 |
f |
f |
|p ric
|a Texas A&M University
|b Rellis Campus
|c Joint Library Facility
|d Remote Storage
|t 0
|e TA349 .I5
|h Library of Congress classification
|i unmediated -- volume
|k v.33:no.20/22 -v.33:no.24
|l 1996-1996
|m A14820279951
|
| 952 |
f |
f |
|p ric
|a Texas A&M University
|b Rellis Campus
|c Joint Library Facility
|d Remote Storage
|t 0
|e TA349 .I5
|h Library of Congress classification
|i unmediated -- volume
|k v.25:no.1 -v.25:no.6
|l 1989-1989
|m A14812064295
|
| 952 |
f |
f |
|p ric
|a Texas A&M University
|b Rellis Campus
|c Joint Library Facility
|d Remote Storage
|t 0
|e TA349 .I5
|h Library of Congress classification
|i unmediated -- volume
|k v.38:no.34/35-36/37
|l 2001:Aug.-Sept.
|m A14827932403
|
| 952 |
f |
f |
|p ric
|a Texas A&M University
|b Rellis Campus
|c Joint Library Facility
|d Remote Storage
|t 0
|e TA349 .I5
|h Library of Congress classification
|i unmediated -- volume
|k v.38:no.5-9
|l 2001:Feb.
|m A14827329618
|
| 952 |
f |
f |
|p ric
|a Texas A&M University
|b Rellis Campus
|c Joint Library Facility
|d Remote Storage
|t 0
|e TA349 .I5
|h Library of Congress classification
|i unmediated -- volume
|k v.35:no.21 -v.35:no.24
|l 1998-1998
|m A14823507052
|
| 952 |
f |
f |
|p ric
|a Texas A&M University
|b Rellis Campus
|c Joint Library Facility
|d Remote Storage
|t 0
|e TA349 .I5
|h Library of Congress classification
|i unmediated -- volume
|k v.36:no.17 -v.36:no.20
|l 1999-1999
|m A14824890628
|
| 952 |
f |
f |
|p ric
|a Texas A&M University
|b Rellis Campus
|c Joint Library Facility
|d Remote Storage
|t 0
|e TA349 .I5
|h Library of Congress classification
|i unmediated -- volume
|k v.20:no.1 -v.20:no.6
|l 1984-1984
|m A14814986176
|
| 952 |
f |
f |
|p ric
|a Texas A&M University
|b Rellis Campus
|c Joint Library Facility
|d Remote Storage
|t 0
|e TA349 .I5
|h Library of Congress classification
|i unmediated -- volume
|k v.7:no.6-8
|l 1971
|m A14812176775
|
| 952 |
f |
f |
|p ric
|a Texas A&M University
|b Rellis Campus
|c Joint Library Facility
|d Remote Storage
|t 0
|e TA349 .I5
|h Library of Congress classification
|i unmediated -- volume
|k v.39:no.1-2
|l 2002:Jan.
|m A14829923167
|
| 952 |
f |
f |
|p ric
|a Texas A&M University
|b Rellis Campus
|c Joint Library Facility
|d Remote Storage
|t 0
|e TA349 .I5
|h Library of Congress classification
|i unmediated -- volume
|k v.10:no.1 -v.10:no.6
|l 1974-1974
|m A14821482882
|
| 952 |
f |
f |
|p ric
|a Texas A&M University
|b Rellis Campus
|c Joint Library Facility
|d Remote Storage
|t 0
|e TA349 .I5
|h Library of Congress classification
|i unmediated -- volume
|k v.5:no.1-6
|l 1969
|m A14826983663
|
| 952 |
f |
f |
|p ric
|a Texas A&M University
|b Rellis Campus
|c Joint Library Facility
|d Remote Storage
|t 0
|e TA349 .I5
|h Library of Congress classification
|i unmediated -- volume
|k v.30:no.5 -v.30:no.8
|l 1993-1993
|m A14817154053
|
| 952 |
f |
f |
|p ric
|a Texas A&M University
|b Rellis Campus
|c Joint Library Facility
|d Remote Storage
|t 0
|e TA349 .I5
|h Library of Congress classification
|i unmediated -- volume
|k v.37:no.40-44
|l 2000:Oct.
|m A14827270306
|
| 998 |
f |
f |
|a TA349 .I5
|s v.29-39 (1992-2002)
|t 0
|l Remote Storage
|